| 000 | 00602nam a2200181Ia 4500 | ||
|---|---|---|---|
| 008 | 190427s9999 xx 000 0 und d | ||
| 100 | _aLevin, Ewald | ||
| 245 | _aCan the use of seven key manipulations and predicted pattern testing bring more clarity to negative priming investigation? | ||
| 245 | _cEwald Neumann and Jewel R. Levin.-- | ||
| 260 | _bUniversity of Illinois Press | ||
| 260 | _c2018 | ||
| 300 | _aPages 3-18, Spring 2018 | ||
| 440 |
_aJournal of Psychology _v131(1) |
||
| 650 | _aInhibition | ||
| 650 | _aNegative priming | ||
| 650 | _aPriming | ||
| 650 | _aSelective Attention | ||
| 999 |
_c361745 _d361745 |
||